| LEADER |
00969nam0a2200217 450 |
| 001 |
16868291 |
| 010 |
|
|
|a 978-2-7316-9605-9
|b cart.
|d 14,5
|
| 100 |
|
|
|a 20190513d2019 u u0frey01 ba
|
| 101 |
0 |
|
|a fre
|
| 102 |
|
|
|a FR
|
| 200 |
0 |
|
|a Abîme regarde en toi (L')
|f scénario Christophe Bec
|g dessin Ennio Bufi - coul. Andrea Meloni
|
| 207 |
|
1 |
|a
|
| 215 |
|
|
|a 56 p.
|c illustrations en couleur
|d 32 cm
|
| 330 |
|
|
|a Tomaison. A laide de ressources insoupçonnées, Lou, la femme-poisson, sauve le Leviathan, coincé dans une abysse océanique, de lapocalypse volcanique. Conclusion (définitive !) dune série daventures sous-marines aux frontières du fantastique.
|
| 461 |
|
0 |
|t Carthago
|v 10
|
| 700 |
|
0 |
|a Bec
|b Christophe
|4 70
|
| 701 |
|
0 |
|a Bufi
|b Ennio
|4 440
|
| 702 |
|
0 |
|a Meloni
|b Andréa
|4 410
|
| 900 |
|
|
|a Bande dessinée (adultes)
|
| 901 |
|
|
|a Adultes
|
| 995 |
|
|
|a Médiathèque
|c Médiathèque
|f 00156010469088
|h 00156010469088
|k BDA BEC CAR 10
|o p
|q a
|r az
|e Médiathèque
|